| 000 | 01048nam a2200277 i 4500 | ||
|---|---|---|---|
| 001 | 000032702 | ||
| 003 | DO-SdBNP | ||
| 005 | 20260407141714.0 | ||
| 007 | ta | ||
| 008 | 110725s1981 dr 000 0 spa d | ||
| 040 |
_aDO-SdBNP _bspa _cBNPHU _erda |
||
| 041 | _aspa | ||
| 049 | _aBNPD | ||
| 082 | 4 |
_axxx _bxxx _222 |
|
| 245 | 0 | 0 |
_aLista de encabezamientos de materia para bibliotecas de derecho y ciencia políticas / _ccompilado por, Sonia Guzmán de Hernández ; prólogo, Próspero J. Mella Chavier |
| 264 | 4 |
_aSanto Domingo : _bUniversidad Nacional Pedro Henríquez Ureña; _bOficina Nacional de Administración y Personal, _c©1981. |
|
| 300 |
_a641 páginas ; _c21 cm. |
||
| 336 |
_atexto _btxt _2rdacontent |
||
| 337 |
_asin mediación _bn _2rdamedia |
||
| 338 |
_avolumen _bnc _2rdacarrier |
||
| 540 | _aBibliografía : p. 639-641 | ||
| 590 | _aInventariado, 2026/BT | ||
| 700 | 1 |
_aGuzmán de Hernández, Sonia, _d1946- _ecompilador _4comp. _958561 |
|
| 700 | 1 |
_aMella Chavier, Próspero J., _eprologuista _4pr. _989285 |
|
| 942 |
_2ddc _cLBS1 |
||
| 999 |
_c32193 _d32193 |
||